Illusive. Contemporary illustration and its context.

Saved in:
Bibliografiske detaljer
Andre forfattere: Klanten. Robert (Editor), Hellige, Hendrick (Editor)
Format: Bog
Udgivet: Berlin, Germany: Die-Gestalten, 2005.
Fag:
Tags: Tilføj Tag
Ingen Tags, Vær først til at tagge denne postø!

MARC

LEADER 00000nam a22000007a 4500
003 CL-VaPUC
005 20250321101924.0
008 250117t2005 ||||| |||| 00| 0 eng d
999 |c 446605  |d 446603 
020 |a 978-3-89955-085-6 
040 |c Pontificia Universidad Católica de Valparaíso 
082 7 |2 22  |a 741.64 KLA 2005 
100 1 |a Klanten. Robert  |e editor  |9 895529 
245 |a Illusive.  |b Contemporary illustration and its context. 
260 |a Berlin, Germany:  |b Die-Gestalten,  |c 2005. 
300 |a 288 páginas :  |b ilustraciones.  
500 |a c.1.Instituto Arcos 8-1-2025. 
583 |c 20250117  |k Cristina María Rojas Aguilar 
650 |a Ilustraciones   |9 369481 
650 |a Diseño gráfico  |9 266874 
650 |a Libro ilustrado   |9 895530 
700 |a Hellige, Hendrick  |e editor  |9 895531 
942 |2 ddc  |c BK  |n 0 
952 |0 0  |1 0  |2 ddc  |4 0  |6 741_640000000000000_KLA_2005  |7 0  |8 A  |9 599505  |a BIBINC  |b BIBINC  |d 2025-01-17  |e Instituto Arcos  |i 5664521  |l 2  |o 741.64 KLA 2005  |p 5664521  |r 2025-04-03  |s 2025-03-27  |t 1  |w 2025-01-17  |y BK  |k IFP